বাংলাপিডিয়া : বাংলাদেশ জাতীয় জ্ঞানকোষ, খণ্ড ৩ /

Bibliographic Details
Corporate Author: বাংলাদেশ এশিয়াটিক সোসাইটি
Other Authors: ইসলাম, সিরাজুল, ১৯৩৯-, মিয়া, সাহাজান
Format: Book
Language:English
Published: ঢাকা : বাংলাদেশ এশিয়াটিক সোসাইটি, ২০০৩.[পুনমুদ্রণ ২০০৪]
Subjects:
Classic Catalogue: View this record in Classic Catalogue
LEADER 01933nam a22002897a 4500
001 8527
003 BD-DhAAL
008 110618s2003 bg ab e 000 0 eng
020 |a 9843205901X (খণ্ড ৩) 
040 |a BD-DhAAL  |c BD-DhAAL  
043 |a a-bg--- 
082 0 0 |a 954.92003  |2 22 
245 0 0 |a বাংলাপিডিয়া :  |b বাংলাদেশ জাতীয় জ্ঞানকোষ,  |n খণ্ড ৩ /  |c প্রধান সম্পাদক, সিরাজুল ইসলাম ; ব্যবস্থাপনা সম্পাদক, সাহাজান মিয়া. 
260 |a ঢাকা :  |b বাংলাদেশ এশিয়াটিক সোসাইটি,  |c ২০০৩.[পুনমুদ্রণ ২০০৪] 
300 |a ৫০৪ পৃষ্ঠা :  |a ৫১১ পৃষ্ঠা :  |b চিত্র. (some col.), ম্যাপ (chiefly col.) ;  |c ২৫ সে.মি. 
362 |a খণ্ড ৩ 
541 |a Complimentary copy from BIED (37715)  |e 8527, 4733, 37715 
651 0 |a Bangladesh  |v Encyclopedias.  |9 21162 
700 1 |a ইসলাম, সিরাজুল,  |d ১৯৩৯-  |9 21163 
700 1 |a মিয়া, সাহাজান   |9 21164 
710 2 |a বাংলাদেশ এশিয়াটিক সোসাইটি.  |9 21165 
852 1 |a Ayesha Abed Library   |c Reference Shelf   |i  vol. 3 
942 |2 ddc  |c BK 
999 |c 43355  |d 43355 
952 |0 0  |1 0  |2 ddc  |4 0  |6 954_920030000000000_BAN  |7 1  |9 17205  |a BRACUL  |b BRACUL  |c REF  |d 2011-06-21  |l 0  |o 954.92003 BAN  |p 3010008527  |r 2011-06-21  |t 1  |w 2011-06-21  |y BK 
952 |0 0  |1 0  |2 ddc  |4 0  |6 954_920030000000000_BAN  |7 1  |9 43655  |a SCL  |b SCL  |c REF  |d 2004-03-30  |l 0  |o 954.92003 BAN  |p 3020004733  |r 2014-09-01  |t 2  |w 2014-09-01  |y BK 
952 |0 0  |1 0  |2 ddc  |4 0  |6 954_920030000000000_BAN  |7 0  |9 69787  |a BRACUL  |b BRACUL  |c REF  |d 2022-02-14  |e Complimentary copy from BIED  |l 0  |o 954.92003 BAN  |p 3010037715  |r 2022-02-14  |t 3  |w 2022-02-14  |y BK  |x BIED 00764